[Event "Heusenstamm Sparkassen op 11th"]
[Site "Heusenstamm"]
[Date "2024.11.23"]
[Round "4"]
[White "Henzelmann, Matthias"]
[Black "Mohr, Alvin"]
[Result "0-1"]
[WhiteElo "1680"]
[BlackElo "1818"]
[PlyCount "106"]
[EventDate "2024.11.21"]
[EventType "swiss"]
[EventRounds "7"]
[EventCountry "GER"]
[SourceTitle "CB51_2024"]
[SourceDate "2024.12.18"]
[SourceVersion "1"]
[SourceVersionDate "2024.12.18"]
[SourceQuality "1"]

1. d4 Nf6 2. c4 e6 3. Nf3 d5 4. Bg5 Be7 5. e3 0-0 6. Nc3 a6 7. a3 h6 8. Bh4 Nbd7 9. cxd5 Nxd5 10. Nxd5 Bxh4 11. Nxh4 exd5 12. Nf3 Nf6 13. Bd3 Bg4 14. h3 Bxf3 15. Qxf3 Qd6 16. 0-0 Rae8 17. Rac1 g6 18. Rc2 c6 19. Rfc1 Re6 20. Rd2 Kg7 21. Rdd1 Qe7 22. Rf1 Ne8 23. g3 Nd6 24. Kh2 f5 25. Rce1 Ne4 26. Bxe4 fxe4 27. Qe2 Rf5 28. Rc1 h5 29. Rg1 Qc7 30. Kg2 Ref6 31. Rcf1 Qf7 32. Rh1 b6 33. Rh2 c5 34. dxc5 bxc5 35. Kg1 Qe7 36. Re1 Qd6 37. Qd2 Qe5 38. Re2 d4 39. exd4 cxd4 40. Rg2 e3 41. fxe3 dxe3 42. Qe1 h4 43. Kh2 Rf1 44. Qb4 hxg3+ 45. Rxg3 R6f2+ 46. Rxf2 Rxf2+ 47. Kh1 Qxg3 48. Qd4+ Rf6 49. Qa7+ Rf7 50. Qd4+ Kh7 51. Qc4 Qe1+ 52. Kh2 Qf2+ 53. Kh1 e2 0-1

[Event "Heusenstamm Sparkassen op 11th"]
[Site "Heusenstamm"]
[Date "2024.11.21"]
[Round "1"]
[White "Mohr, Alvin"]
[Black "Suranyi, Pal"]
[Result "0-1"]
[WhiteElo "1818"]
[BlackElo "2033"]
[PlyCount "40"]
[EventDate "2024.11.21"]
[EventType "swiss"]
[EventRounds "7"]
[EventCountry "GER"]
[SourceTitle "CB51_2024"]
[SourceDate "2024.12.18"]
[SourceVersion "1"]
[SourceVersionDate "2024.12.18"]
[SourceQuality "1"]

1. e4 c5 2. Nc3 d6 3. f4 g6 4. d4 cxd4 5. Qxd4 Nf6 6. e5 Nc6 7. Bb5 Nh5 8. Nf3 Bg7 9. Bd2 0-0 10. Bxc6 bxc6 11. 0-0-0 Bg4 12. Qf2 Qc7 13. exd6 exd6 14. h3 Bxf3 15. Qxf3 Rab8 16. g4 Nf6 17. f5 Nd5 18. b3 Qa5 19. Nxd5 Qa3+ 20. Kb1 Qb2# 0-1

[Event "Heusenstamm Sparkassen op-A 9th"]
[Site "Heusenstamm"]
[Date "2023.11.25"]
[Round "4"]
[White "Kutzner, Stephen"]
[Black "Mohr, Alvin"]
[Result "1-0"]
[WhiteElo "2039"]
[BlackElo "1614"]
[PlyCount "67"]
[EventDate "2023.11.23"]
[EventType "swiss"]
[EventRounds "7"]
[EventCountry "GER"]
[SourceTitle "CBM 217 Extra"]
[Source "ChessBase"]
[SourceDate "2024.01.31"]
[SourceVersion "1"]
[SourceVersionDate "2024.01.31"]
[SourceQuality "1"]

1. d4 Nf6 2. Nf3 e6 3. c4 b6 4. g3 Ba6 5. b3 d5 6. Bg2 dxc4 7. Ne5 Nd5 8. bxc4 f6 9. cxd5 fxe5 10. dxe6 c6 11. d5 Bb4+ 12. Bd2 Bc5 13. Bc3 0-0 14. 0-0 Qc7 15. Bb2 Bc4 16. Na3 Bxd5 17. Bxd5 cxd5 18. Qxd5 Nc6 19. Nb5 Qc8 20. Rad1 Rd8 21. Qb3 Kh8 22. Rxd8+ Qxd8 23. Rd1 Qf6 24. Qf3 Qxf3 25. exf3 a5 26. Rd7 Rd8 27. Bxe5 Rxd7 28. exd7 Be7 29. Bc7 Kg8 30. Bxb6 a4 31. Nc3 Kf7 32. Nxa4 Ke6 33. Nc5+ Kd6 34. d8Q+ 1-0

[Event "Heusenstamm Sparkassen op-A 9th"]
[Site "Heusenstamm"]
[Date "2023.11.23"]
[Round "1"]
[White "Mohr, Alvin"]
[Black "Braeutigam, Thomas"]
[Result "1-0"]
[WhiteElo "1614"]
[BlackElo "1992"]
[PlyCount "47"]
[EventDate "2023.11.23"]
[EventType "swiss"]
[EventRounds "7"]
[EventCountry "GER"]
[SourceTitle "CBM 217 Extra"]
[Source "ChessBase"]
[SourceDate "2024.01.31"]
[SourceVersion "1"]
[SourceVersionDate "2024.01.31"]
[SourceQuality "1"]

1. e4 c5 2. Nc3 Nc6 3. Bb5 Nd4 4. Bc4 g6 5. Nge2 Bg7 6. 0-0 e6 7. d3 Ne7 8. Bg5 0-0 9. Nxd4 cxd4 10. Ne2 h6 11. Bxe7 Qxe7 12. f4 Qc5 13. Ng3 d5 14. exd5 exd5 15. Bb3 a5 16. a4 Bd7 17. Qf3 Bc6 18. f5 Bf6 19. fxg6 fxg6 20. Ne4 Qe7 21. Nxf6+ Kg7 22. Nxd5 Qc5 23. Nf4 Qe7 24. Qg3 1-0